Estudios sobre los contenidos de la educación primaria y su vinculación con el trabajo productivo en las areas urbanas marginales
Guardat en:
| Autor principal: | |
|---|---|
| Format: | Llibre |
| Idioma: | espanyol |
| Publicat: |
Santiago
OREALC
1985
|
| Col·lecció: | Documentos Técnicos, 3
|
| Matèries: | |
| Etiquetes: |
Afegir etiqueta
Sense etiquetes, Sigues el primer a etiquetar aquest registre!
|
MARC
| LEADER | 00000nam a2200000 a 4500 | ||
|---|---|---|---|
| 001 | UCY6691 | ||
| 003 | CL-VaPUC | ||
| 008 | 950529e19850000CL |||||||||||||||||spa|d | ||
| 082 | 0 | 4 | |a 371.01 |b VER |2 21 |
| 100 | 0 | |a Verastegui, Luis |e author |9 336713 | |
| 245 | 1 | 0 | |a Estudios sobre los contenidos de la educación primaria y su vinculación con el trabajo productivo en las areas urbanas marginales |
| 300 | |a 53 p | ||
| 942 | |c BK | ||
| 945 | |d 19950529 00:00:00 |a rbrito | ||
| 260 | |a Santiago |b OREALC |c 1985 | ||
| 650 | 0 | |a Calidad de la educación |9 307271 | |
| 650 | 0 | |a Educación básica |9 224933 | |
| 650 | 0 | |a Zonas marginales |9 336714 | |
| 583 | |a last modification |c 19950529 00:00:00 |k Rodrigo Vera | ||
| 490 | 0 | |a Documentos Técnicos, 3 | |
| 999 | |c 234217 |d 234215 | ||
| 952 | |0 0 |1 0 |4 0 |6 371_010000000000000_VER_1985 |7 0 |8 P |9 240281 |a BIBEDU |b BIBEDU |c BIBEDU_PB |d 2019-11-18 |i 2002558 |o 371.01 VER 1985 |p 2002558 |r 2024-01-25 |w 2019-11-18 |y BK |k EDU | ||